Sektorová a soutěžní regulace v telekomunikacích ve světle rozhodnutí bpost
Cieľom tohto príspevku je predostrieť úvahu nad aktuálne uplatňovanými postupmi sektorovej regulácie v oblasti telekomunikácií a súťažného práva - teda toho, akým spôsobom súťažné právo ovplyvňuje tvorbu sektorovej regulácie, aká je úloha jednotlivých regulátorov a kde môže dochádzať k stretom pri u...
Saved in:
| Main Author: | |
|---|---|
| Other Authors: | |
| Format: | Book Chapter |
| Language: | Czech |
| Subjects: | |
| Tags: |
No Tags, Be the first to tag this record!
|
MARC
| LEADER | 00000naa a2200000 4500 | ||
|---|---|---|---|
| 001 | 0291069 | ||
| 005 | 20240417075226.3 | ||
| 041 | 0 | |a cze | |
| 044 | |a CZ | ||
| 245 | 1 | 0 | |a Sektorová a soutěžní regulace v telekomunikacích ve světle rozhodnutí bpost |c Anna Cervanová, Jan Měkota |
| 520 | |a Cieľom tohto príspevku je predostrieť úvahu nad aktuálne uplatňovanými postupmi sektorovej regulácie v oblasti telekomunikácií a súťažného práva - teda toho, akým spôsobom súťažné právo ovplyvňuje tvorbu sektorovej regulácie, aká je úloha jednotlivých regulátorov a kde môže dochádzať k stretom pri uplatňovaní oboch typov regulácie. Cieľom autorov je poukázať na praktické problémy aktuálneho stavu v ČR. | ||
| 610 | 2 | 0 | |a telekomunikácie |
| 610 | 2 | 0 | |a regulácia |
| 610 | 2 | 0 | |a sektory hospodárske |
| 610 | 2 | 0 | |a právo súťažné |
| 610 | 2 | 0 | |a Česko |
| 100 | 1 | |a Cervanová, Anna | |
| 700 | 1 | |a Měkota, Jan | |